The Kid LAROI Complete Discography - Statistics

General Stats
  • This quiz has been taken 13 times
  • The average score is 56 of 127
Answer Stats
Album Song % Correct
BEFORE I FORGET (DELUXE) I CONDEMN
88%
BEFORE I FORGET JULY
88%
BEFORE I FORGET ME + YOU
88%
F*CK LOVE 3+: OVER YOU STAY
88%
F*CK LOVE 3+: OVER YOU WITHOUT YOU
88%
Single WITHOUT YOU (Miley Cyrus Remix)
88%
BEFORE I FORGET A COLD PLAY
75%
BEFORE I FORGET A PERFECT WORLD
75%
Single Diva
75%
BEFORE I FORGET (DELUXE) ECHOES
75%
THE FIRST TIME (DELUXE) HEAVEN
75%
THE FIRST TIME LOVE AGAIN
75%
F*CK LOVE 3+: OVER YOU MAYBE
75%
BEFORE I FORGET MAYBE I'M WRONG
75%
BEFORE I FORGET (DELUXE) MOVE YOUR BODY
75%
BEFORE I FORGET RATHER BE (ft. Lithe)
75%
THE FIRST TIME (DELUXE) THOUSAND MILES
75%
THE FIRST TIME TOO MUCH
75%
F*CK LOVE 3+: OVER YOU WRONG (ft. Lil Mosey)
75%
BEFORE I FORGET 5:21AM (ft. Andrew Aged)
63%
Single APEROL SPRITZ
63%
BEFORE I FORGET (DELUXE) BACK 2 LOVE
63%
BEFORE I FORGET BACK WHEN YOU WERE MINE
63%
THE FIRST TIME BLEED
63%
BEFORE I FORGET (DELUXE) DYING ON THIS HILL
63%
F*CK LOVE 3+: OVER YOU F*CK YOU, GOODBYE (ft. Machine Gun Kelley)
63%
F*CK LOVE 3+: OVER YOU GO
63%
Single HOT GIRL PROBLEMS
63%
Single HOW DOES IT FEEL?
63%
THE FIRST TIME NIGHTS LIKE THIS
63%
F*CK LOVE 3+: OVER YOU OVER YOU
63%
BEFORE I FORGET (DELUXE) PIECES
63%
Single Reminds Me Of You (ft. Juice WRLD
63%
Single SHE DON'T NEED TO KNOW
63%
F*CK LOVE 3+: OVER YOU SO DONE
63%
THE FIRST TIME YOU
63%
F*CK LOVE 3+: OVER YOU ABOUT YOU
50%
F*CK LOVE 3+: OVER YOU ALWAYS DO
50%
THE FIRST TIME (DELUXE) BABY I'M BACK
50%
Single BABY I'M BACK (Gunna Remix)
50%
F*CK LOVE 3+: OVER YOU BAD NEWS
50%
14 WITH A DREAM BLESSINGS
50%
BEFORE I FORGET COME DOWN
50%
Single Forever & Again
50%
Collaborations Hate The Other Side (ft. The Kid LAROI, Polo G)
50%
BEFORE I FORGET (DELUXE) HOLD STILL
50%
Single I GUESS IT'S LOVE?
50%
THE FIRST TIME I THOUGHT THAT I NEEDED YOU
50%
THE FIRST TIME KIDS ARE GROWING UP
50%
Single Let Her Go
50%
BEFORE I FORGET NEVER CAME BACK
50%
THE FIRST TIME (DELUXE) NIGHTS LIKE THIS PT 2
50%
F*CK LOVE 3+: OVER YOU PIKACHU
50%
BEFORE I FORGET PRIVATE
50%
BEFORE I FORGET (DELUXE) QUIT YOU
50%
F*CK LOVE 3+: OVER YOU SAME THING
50%
THE FIRST TIME SORRY
50%
BEFORE I FORGET THANK GOD
50%
BEFORE I FORGET THE MOMENT (ft. Clara La San)
50%
F*CK LOVE 3+: OVER YOU TRAGIC (ft. YoungBoy Never Broke Again)
50%
Collaborations Unstable (ft. The Kid LAROI)
50%
THE FIRST TIME WHERE DO YOU SLEEP?
50%
Single Addison Rae
38%
Single ALL I WANT IS YOU
38%
F*CK LOVE 3+: OVER YOU BATHROOM (skit)
38%
F*CK LOVE 3+: OVER YOU BEST FOR ME
38%
THE FIRST TIME CALL ME INSTEAD (ft. YoungBoy Never Broke Again)
38%
Collaborations Distant Strangers (ft. The Kid LAROI)
38%
THE FIRST TIME (DELUXE) GIRLS
38%
F*CK LOVE 3+: OVER YOU I DON'T KNOW
38%
BEFORE I FORGET I'M SO IN LOVE WITH YOU
38%
THE FIRST TIME (DELUXE) PICK SIDES
38%
F*CK LOVE 3+: OVER YOU SELFISH
38%
Single SLOW IT DOWN (ft. Quavo)
38%
Collaborations Speak (ft. The Kid LAROI)
38%
THE FIRST TIME (DELUXE) STICK WITH ME
38%
F*CK LOVE 3+: OVER YOU STILL CHOSE YOU (ft. Mustard)
38%
THE FIRST TIME STRANGERS (Interlude)
38%
THE FIRST TIME STRANGERS PT 2 (Interlude)
38%
F*CK LOVE 3+: OVER YOU TELL ME WHY
38%
BEFORE I FORGET (DELUXE) WEAKEST FEELING
38%
THE FIRST TIME WHAT JUST HAPPENED
38%
THE FIRST TIME WHAT WENT WRONG???
38%
THE FIRST TIME WHERE DOES YOUR SPIRIT GO?
38%
Collaborations 2 Grown (ft. The Kid LAROI)
25%
Collaborations Alright (ft. The Kid LAROI)
25%
F*CK LOVE 3+: OVER YOU ATTENTION
25%
F*CK LOVE 3+: OVER YOU BOOTY CALL (skit)
25%
14 WITH A DREAM BOSS UP (Interlude)
25%
Collaborations Burning Up (ft. The Kid LAROI)
25%
14 WITH A DREAM DISCONNECT
25%
F*CK LOVE 3+: OVER YOU DON'T LEAVE ME (ft. G Herbo & Lil Durk)
25%
F*CK LOVE 3+: OVER YOU ERASE U
25%
F*CK LOVE 3+: OVER YOU FEEL SOMETHING
25%
Single Goodbye
25%
THE FIRST TIME (DELUXE) HATRED
25%
Collaborations Hell Bent (ft. The Kid LAROI)
25%
BEFORE I FORGET HER INTERLUDE
25%
Collaborations i know love (ft. The Kid LAROI)
25%
F*CK LOVE 3+: OVER YOU I WISH
25%
14 WITH A DREAM LATELY
25%
F*CK LOVE 3+: OVER YOU LONELY AND F*CKED UP
25%
Collaborations Lost (ft. The Kid LAROI)
25%
Collaborations No Return (ft. The Kid LAROI)
25%
F*CK LOVE 3+: OVER YOU NOT FAIR (ft. Corbin)
25%
F*CK LOVE 3+: OVER YOU NOT SOBER (ft. Polo G & Stunna Gambino)
25%
Collaborations Rain Fallin (ft. The Kid LAROI)
25%
F*CK LOVE 3+: OVER YOU RUNNING
25%
F*CK LOVE 3+: OVER YOU SAME ENERGY
25%
F*CK LOVE 3+: OVER YOU SITUATION
25%
Single Still Yours (From the Doc)
25%
THE FIRST TIME TEAR ME APART
25%
Collaborations Wasting Angels (ft. The Kid LAROI)
25%
THE FIRST TIME WHAT'S THE MOVE
25%
Collaborations What You Say (ft. The Kid LAROI)
25%
F*CK LOVE 3+: OVER YOU WISH YOU WELL (skit)
25%
THE FIRST TIME YOU NEVER FORGET YOUR FIRST TIME
25%
THE FIRST TIME DESERVE YOU
13%
14 WITH A DREAM GO GET IT
13%
F*CK LOVE 3+: OVER YOU NEED YOU MOST (So Sick)
13%
F*CK LOVE 3+: OVER YOU NEW GUY (skit)
13%
Collaborations This My Life (ft. The Kid LAROI, Lil Skies, & Lil Tecca)
13%
Collaborations Wind (ft. The Kid LAROI)
13%
Collaborations You Can't (ft. The Kid LAROI)
13%
Collaborations Costa Rica Remix (ft. The Kid LAROI)
0%
Single Fade Away (ft. Lil Tjay)
0%
Single I Can't Go Back To The Way It Was (Intro)
0%
No matching quizzes found
Score Distribution
Percent of People with Each Score
Percentile by Number Answered
Your Score History
You have not taken this quiz